Statistics for 世界の国々

Click here to take the quiz!

General Stats

  • This quiz has been taken 6,871 times
    (6,620 since last reset)
  • The average score is 90 of 196

Answers on the Map

Answers color-coded by a green-red scale on the quiz's map according to % correct below.
 

Answer Stats

答え% Correct
日本
91%
中国
87%
カナダ
87%
フランス
84%
ロシア
84%
インド
83%
イギリス
81%
韓国
81%
ドイツ
80%
ブラジル
80%
イタリア
80%
スペイン
79%
メキシコ
77%
インドネシア
77%
タイ
76%
オーストラリア
75%
モンゴル
73%
北朝鮮
72%
フィンランド
72%
ポルトガル
72%
エジプト
71%
チリ
71%
アイスランド
71%
イラン
71%
ノルウェー
70%
アイルランド
70%
ベトナム
69%
イラク
69%
南アフリカ
69%
トルコ
69%
フィリピン
69%
ウクライナ
67%
サウジアラビア
67%
台湾
67%
アルゼンチン
67%
スウェーデン
66%
ポーランド
65%
スイス
65%
ニュージーランド
65%
パキスタン
65%
デンマーク
65%
オーストリア
63%
マダガスカル
62%
マレーシア
62%
カザフスタン
61%
ギリシャ
61%
ネパール
61%
ミャンマ⁠ー
60%
ペルー
60%
ラオス
60%
カンボジア
60%
ベルギー
58%
米国
57%
モロッコ
57%
キューバ
56%
アフガニスタン
56%
イスラエル
56%
エストニア
55%
コロンビア
55%
スリランカ
55%
アルジェリア
55%
パナマ
54%
バングラデシュ
54%
ソマリア
54%
ラトビア
53%
アラブ首長国連邦
53%
ナイジェリア
53%
トルクメニスタン
52%
パプアニ⁠ュ⁠ーギニア
52%
スロバキア
52%
スーダン
51%
シンガポ⁠ール
51%
シリア
51%
ケニア
51%
リビア
51%
リトアニア
51%
チェコ
51%
マリ
51%
オマーン
51%
ウルグアイ
50%
エチオピア
49%
エクアドル
49%
ボリビア
49%
ブータン
48%
ベラルーシ
47%
ウズベキスタン
47%
コンゴ民主共和国
47%
ルーマニア
47%
ガーナ
46%
コンゴ共和国
46%
カタール
45%
アゼルバイジャン
45%
イエメン
45%
クロアチア
45%
南スーダン
45%
ブルガリア
45%
キルギス
45%
パラグアイ
45%
セルビア
44%
ハンガリー
43%
タジキスタン
43%
アルメニア
43%
アンゴラ
43%
ギニア
42%
スロベニア
42%
ベネズエラ
42%
バチカン市国
41%
ルクセンブルク
41%
ジョージア
41%
チュニジア
40%
赤道ギニア
40%
アルバニア
39%
レソト
39%
東ティモ⁠ール
39%
中央アフリカ
38%
ヨルダン
38%
コートジボワ⁠ール
38%
クウェート
38%
マケドニア
37%
タンザニア
37%
チャド
37%
ナミビア
37%
コスタリカ
37%
ニジェール
36%
レバノン
36%
コソボ
36%
ドミニカ共和国
36%
マルタ
34%
ザンビア
34%
ニカラグア
34%
キプロス
34%
モーリタニア
34%
ジャマイカ
34%
カメルーン
33%
ボスニア・ヘルツェゴビナ
33%
アンドラ
33%
モナコ
33%
モルドバ
33%
モザンビーク
32%
ウガンダ
32%
モンテネグロ
32%
エリトリア
31%
リヒテンシュタイン
31%
セネガル
31%
バーレーン
31%
ハイチ
31%
トーゴ
31%
グアテマラ
31%
スリナム
31%
ツバル
31%
サンマリノ
30%
ガイアナ
30%
トンガ
30%
エルサルバドル
30%
ブルネイ
30%
ホンジュラス
30%
ジンバブエ
29%
パラオ
29%
バハマ
29%
ナウル
29%
ドミニカ国
29%
ルワンダ
28%
阿蘭陀
28%
ボツワナ
28%
スワジランド
28%
フィジー
28%
シエラレオネ
27%
リベリア
27%
ベリーズ
27%
ギニアビサウ
26%
ガンビア
26%
ミクロネシア連邦
26%
ガボン
25%
キリバス
25%
モルディブ
25%
ジブチ
25%
セーシェル
23%
マラウイ
23%
ブルキナファソ
21%
モーリシャス
21%
ベナン
21%
サモア
21%
コモロ
20%
ブルンジ
20%
ソロモン諸島
19%
マーシャル諸島
19%
アンティグア・バーブーダ
19%
カーボベルデ
18%
バヌアツ
18%
セントビンセント及びグレナディーン諸島
17%
サントメ・プリンシペ
16%
トリニダード・トバゴ
16%
セントルシア
14%
セントクリストファー・ネイビス
13%
バルバドス
13%
グレナダ
12%

Score Distribution

Percentile by Number Answered

Percent of People with Each Score

Your Score History

You have not taken this quiz since the last reset